000 00736nam a2200205Ia 4500
003 GCL
008 140319s9999 xx 000 0 ara d
040 _aGCL /
_cGCL
082 0 4 _aم
_b016
_bا ع
100 1 _aادارة التوثيق
245 1 0 _aعاصفة الصحراء فى الدوريات المصرية بدار الكتب القومية قائمة ببليوجرافية /
_cادارة التوثيق
260 _a[S.N] :
_bالهيئة المصرية العامة للكتاب ،
_c1992
300 _a729 ص
490 _aشكاوى المصرى الفصيح
_v0
650 0 4 _aالكويت
650 0 4 _aالعراق
650 0 4 _aحرب الخليج
650 0 4 _aالببليوجرافيات
942 _2ddc
_cREF
999 _c59542
_d59542